Statistics for Add a Letter - Make a Country (Picture Quiz)

Click here to take the quiz!

General Stats

  • This quiz has been taken 62 times
  • The average score is 7 of 15

Answer Stats

Answer% Correct
Benin
95%
Niger
81%
China
79%
Tonga
77%
Italy
58%
Cuba
56%
Palau
56%
Spain
56%
France
44%
Senegal
39%
Fiji
32%
Israel
26%
Kenya
11%
Egypt
7%
Serbia
5%

Score Distribution

Percentile by Number Answered

Percent of People with Each Score

Your Score History

You have not taken this quiz